NCAA basketball players who averaged more than 15 ppg - Statistics

General Stats
  • This quiz has been taken 94 times
  • The average score is 5 of 16
Answers on the Grid
Answers color-coded by a green-red scale on the quiz's grid according to % correct below.
Eric Dixon
Donovan Dent
Fletcher Loyer
Jackson Shelstad
Hunter Dickinson
Ace Bailey
Curtis Jones
Zakai Zeigler
Braden Smith
David Joplin
Mark Mitchell
RJ Davis
Tahaad Pettiford
Xavian Lee
Zuby Ejifor
Zach Freemantle
Mark Sears
Liam McNeeley
JT Toppin
RJ Luis
Jaden Akins
Cooper Flagg
Emanuel Sharp
Solo Ball
Tyrese Proctor
Derik Queen
Kadary RIchmond
Steven Ashworth
Robert Wright
Grant Nelson
Kam Jones
Caleb Grill
 
Answer Stats
Answer % Correct
Ace Bailey
64%
Hunter Dickinson
54%
Donovan Dent
50%
Eric Dixon
46%
RJ Davis
39%
Cooper Flagg
32%
Braden Smith
25%
Derik Queen
21%
JT Toppin
21%
Kam Jones
21%
Mark Sears
18%
RJ Luis
18%
Xavian Lee
18%
Curtis Jones
14%
Steven Ashworth
14%
Zach Freemantle
7%
No matching quizzes found
Score Distribution
Percent of People with Each Score
Percentile by Number Answered
Your Score History
You have not taken this quiz